MARC
| LEADER | 00000nam^a2200000^a^4500 | ||
|---|---|---|---|
| 001 | 000002458 | ||
| 005 | 20250521000000.0 | ||
| 009 | 20260310083148.931 | ||
| 037 | |a Acervo ITESO - Biblioteca | ||
| 041 | |a ESP | ||
| 082 | |a 591. |b LOP | ||
| 100 | |a López Moreno, Roberto |e (autor) | ||
| 245 | 1 | 3 | |a El arca de Caralampio : |b el extraño mundo zoológico de Chiapas / |c R. López Moreno. |
| 264 | 1 | |a México : |b Katún, |c 1983 | |
| 300 | |a 202 p. | ||
| 336 | |a texto |b txt |2 rdacontenido | ||
| 337 | |a sin mediación |b n |2 rdamedio | ||
| 338 | |a volumen |b nc |2 rdasoporte | ||
| 649 | |a XX | ||
| 650 | |a Fauna - |z Chiapas | ||
| 650 | |a Fauna - |z México | ||
| 650 | |a Zoología | ||
| 910 | |a Fondo General | ||
| 920 | |a Impresos - Libros | ||
| 930 | |a Colección General | ||
| 905 | |a 101 | ||
| 901 | |a 0024580100 |b IT1 |c ACC |i 002458 |u 20250521 | ||
| 902 | |a https://opac.biblio.iteso.mx/vufind/Record/000002458 | ||